LEADER 01394oam 2200433zu 450 001 9910164702803321 005 20210807002101.0 010 $a0-8031-4814-3 035 $a(CKB)3170000000045137 035 $a(SSID)ssj0001489994 035 $a(PQKBManifestationID)11899280 035 $a(PQKBTitleCode)TC0001489994 035 $a(PQKBWorkID)11459384 035 $a(PQKB)11575757 035 $a(NjHacI)993170000000045137 035 $a(EXLCZ)993170000000045137 100 $a20160829d1981 uy 101 0 $aeng 135 $aur||||||||||| 181 $ctxt 182 $cc 183 $acr 200 10$aMethods and Models for Predicting Fatigue Crack Growth under Random Loading 210 31$a[Place of publication not identified]$cAmerican Society for Testing & Materials$d1981 215 $a1 online resource (138 pages) 225 1 $aASTM special technical publication ;$v748 300 $aBibliographic Level Mode of Issuance: Monograph 311 $a0-8031-0715-3 410 0$aASTM special technical publication$v748. 606 $aFracture mechanics 615 0$aFracture mechanics. 676 $a620.1126 700 $aChang$b J. B$0881240 702 $aHudson 801 0$bPQKB 906 $aBOOK 912 $a9910164702803321 996 $aMethods and Models for Predicting Fatigue Crack Growth under Random Loading$92206712 997 $aUNINA LEADER 03725nam 22007092 450 001 9910780059603321 005 20151005020621.0 010 $a1-107-12467-0 010 $a1-280-42141-X 010 $a0-511-17492-6 010 $a0-511-15502-6 010 $a0-511-32527-4 010 $a0-511-49528-5 010 $a0-511-04457-7 035 $a(CKB)111056485655748 035 $a(EBL)202126 035 $a(OCoLC)71422193 035 $a(SSID)ssj0000130625 035 $a(PQKBManifestationID)11134933 035 $a(PQKBTitleCode)TC0000130625 035 $a(PQKBWorkID)10097744 035 $a(PQKB)10096089 035 $a(UkCbUP)CR9780511495281 035 $a(MiAaPQ)EBC202126 035 $a(Au-PeEL)EBL202126 035 $a(CaPaEBR)ebr10005722 035 $a(CaONFJC)MIL42141 035 $a(EXLCZ)99111056485655748 100 $a20090306d2002|||| uy| 0 101 0 $aeng 135 $aur||||||||||| 181 $ctxt$2rdacontent 182 $cc$2rdamedia 183 $acr$2rdacarrier 200 10$aCopyright and multimedia products $ea comparative analysis /$fIrini A. Stamatoudi$b[electronic resource] 210 1$aCambridge :$cCambridge University Press,$d2002. 215 $a1 online resource (xv, 317 pages) $cdigital, PDF file(s) 225 1 $aCambridge intellectual property and information law ;$v3 300 $aTitle from publisher's bibliographic system (viewed on 05 Oct 2015). 311 $a0-521-04948-2 311 $a0-521-80819-7 320 $aIncludes bibliographical references (p. 283-314) and index. 327 $aCover; Half-title; Series-title; Title; Copyright; Dedication; Contents; Acknowledgments; Abbreviations; Introduction; 1 Placing multimedia products within the scope of copyright; 2 The scope of multimedia works; 3 Traditional literary works; 4 Collections and compilations; 5 Databases; 6 Audiovisual works; 7 Computer programs; 8 Video games as a test case; 9 Multimedia products and existing categories of copyright works; 10 A regime of protection for multimedia products; 11 Conclusions; Postscript; Bibliography; Index 330 $aMultimedia products have experienced tremendous market success. Yet too often they are given inadequate protection under existing national and international copyright schemes. Irini Stamatoudi provides a comprehensive, comparative treatment of multimedia works and copyright protection in this clear and concise volume. A detailed introduction outlines the nature of the multimedia work, as well as the scope of existing legislation; separate chapters consider collections and compilations, databases, audiovisual works and computer programs (video games are here treated as a 'test case'). Stamatoudi then analyses issues of qualification, regime of protection, and offers a model for a European legislative solution. Copyright and Multimedia Products will interest academics and students, as well as practitioners and copyright policy makers. 410 0$aCambridge intellectual property and information law ;$v3. 517 3 $aCopyright & Multimedia Products 606 $aCopyright$xInteractive multimedia 606 $aCopyright$xAudio-visual materials 606 $aCopyright and electronic data processing 606 $aIntellectual property 615 0$aCopyright$xInteractive multimedia. 615 0$aCopyright$xAudio-visual materials. 615 0$aCopyright and electronic data processing. 615 0$aIntellectual property. 676 $a346.04/82 700 $aStamatoudi$b Irini A.$0721541 801 0$bUkCbUP 801 1$bUkCbUP 906 $aBOOK 912 $a9910780059603321 996 $aCopyright and multimedia products$93826549 997 $aUNINA